000 01167nam a2200325 4500
001 0000017222
003 CO-CtgCURN
005 20250329191016.0
007 ta
008 160627s2000 000 0 eng d
020 _a0256262535
040 _aCO-CtgCURN
_bspa
_ccoctgcurn
082 0 _a659.1
_bA73p
100 1 _aArens, William F.
245 1 0 _aPublicidad /
_cWilliam F. Arens , traducción Rosa María Rosas Sánchez , revision Ivonne Raso Arcaute, Jean Dommette.
250 _a7a ed.
260 _aMexico :
_bMcGraw-Hill,
_c2000.
300 _axxii, 573 p.
336 _2rdacontent
337 _2rdamedia
_asin mediacion
_bn
338 _2rdacarrier
_avolumen
_bnc
500 _aIncluye glosario \ Incluye indice \ Titulo original. Contemporary advertising.
504 _aIncluye bibliografia.
505 8 _aLa dimension de la publicidad -- Marketing y el comportamiento del consumidor : los fundamentos de la publicidad
650 1 4 _aDiseño grafico.
700 1 _aRosas Sánchez, Rosa María,
_eTraductor.
908 _a160627
942 _cBK
_h659.1
_iA73p
_2ddc
999 _c11004
_d11004